Name roblox doors monster - Statistics

General Stats
  • This quiz has been taken 667 times
  • The average score is 11 of 14
Answer Stats
Hint Answer % Correct
Lights flicker and is really fast. Rush
93%
Lights flicker, eyes appear and next thing you know you're getting chased. Seek
93%
Appears in dark rooms. "Psst" Screech
92%
Lights flicker, is faster than above and green. Ambush
91%
Blind but uses sounds to its advantage. Figure
87%
Doesn't like to be stared at. Eyes
86%
Appears in closets or very rarely in front of doors. Jack
85%
Appears in drawers. Timothy
81%
Lights flicker longer than usual. Next room you gotta constantly TURN AROUND Halt
80%
GET OUT Hide
80%
Extremely rare or appears when you're too far behind. Glitch
78%
Really rare, appears in windows when there's a lightning. Window
71%
Very rarely appears in front of a door. Makes the lights flicker and it has a white version. Shadow
61%
Appears in the painting puzzles, a chasing part and after you die. Also appears in dark rooms when you stay there for too long. Guiding Light
46%
No matching quizzes found
Score Distribution
Percent of People with Each Score
Percentile by Number Answered
Your Score History
You have not taken this quiz